Statistics for Name the Doctor Who Episode

Click here to take the quiz!

General Stats

  • This quiz has been taken 2,871 times
    (2,691 since last reset)
  • The average score is 8 of 16

Answer Stats

HintEpisode% Correct
"The Angels have the Phone Box"Blink
94%
"Are you my Mummy?"The Empty Child/ The Doctor Dances
70%
"Why do you keep looking at my back?!"Turn Left
70%
This diamond planet may be home to more than nothingnessMidnight
68%
"Rory, put ______ in the cupboard!"Let's Kill Hitler
62%
Featuring Madame de PompadourThe Girl in the Fireplace
61%
Kylie Minogue guest stars in this episodeVoyage of the Damned
61%
A humanized Doctor decides what he wants to beHuman Nature/ Family of Blood
52%
"It's a fez. I wear a fez now. Fezzes are cool."The Pandorica Opens/ The Big Bang
51%
Amelia's last farewellThe Angels Take Manhattan
50%
All of the statues are angels...The Time of Angels/ Flesh and Stone
40%
Michael Gambon guest stars in this episodeA Christmas Carol
32%
The Doctor is sent to ensure that the Daleks are never createdGenesis of the Daleks
27%
A plot about the theft of the Mona LisaCity of Death
20%
Epic 7 part episode in a parallel universeInferno
15%
In this episode every male character dies, and the Doctor has an incredible regeneration.The Caves of Androzani
12%

Score Distribution

Percentile by Number Answered

Percent of People with Each Score

Your Score History

You have not taken this quiz since the last reset